MARC

LEADER 00000nas a2200000 a 4500
001 ssj0000851877
003 WaSeSS
005 20200512172242.0
006 m d
007 cr n
008 050517c20049999stkar s 0 0eng c
010 |a  2013264007 
015 |a 977050246  |2 dnb 
016 7 |a 2209726-0  |2 DE-600 
016 7 |a 22097260  |2 de-600 
016 7 |a 977050246  |2 de-101 
016 7 |a 013491203  |2 Uk 
022 |l 1649-5195  |y 1649-5195 
035 |a (WaSeSS)ssj0000851877 
037 |b NeilsonJournals Publishing, 151 Whitehouse Loan, Edinburgh, EH9 2EY, Midlothian, UK 
040 |a OSC  |b eng  |c OSC  |d OCLCQ  |d GBVCP  |d CUS  |d UPM  |d OCLCF  |d OCLCO  |d UKMGB  |d WaSeSS 
042 |a pcc 
050 1 4 |a HF5387  |b .J68 
084 |a 3,2  |2 ssgn 
084 |a 600  |2 zdbs 
245 0 0 |a Journal of business ethics education  |h [electronic resource] :  |b J.B.E.E. 
246 3 |a J.B.E.E. 
246 3 0 |a JBEE 
260 |3 c2004-c2007  |a Birmingham, U.K. :  |b Senate Hall Academic Pub. 
260 3 |3 c2008-  |a Edinburgh :  |b NeilsonJournals Pub. 
310 |a Annual,  |b 2006- 
321 |a Two issues a year,  |b 2004-2005 
362 0 |a Vol. 1, no. 1 (2004)- 
506 |a License restrictions may limit access. 
525 |a Special issues accompany some vol. 
588 |a Description based on: Vol. 1, no. 1 (2004); title from cover. 
588 |a Latest issue consulted: Vol. 9 (2012). 
650 0 |a Business ethics  |v Periodicals. 
650 0 |a Business ethics  |x Study and teaching (Higher)  |v Periodicals. 
650 0 |a Business ethics  |v Case studies  |v Periodicals. 
650 7 |a Unternehmensethik  |2 stw 
650 7 |a Wirtschaftspädagogik  |2 stw 
650 7 |a Business ethics.  |2 fast  |0 (OCoLC)fst00842675 
650 7 |a Business ethics  |x Study and teaching (Higher)  |2 fast  |0 (OCoLC)fst00842685 
655 0 |a Electronic journals. 
856 4 0 |z Full text available from Research Library: 01/01/2004 to 01/31/2011  |u https://search.proquest.com/publication/307110